Statistics for Top 50 Country First-Level Subdivisions by GDP

Click here to take the quiz!

General Stats

  • This quiz has been taken 73 times
  • The average score is 34 of 50

Answer Stats

GDP#Subdivision% Correct
3,357 milUSACalifornia
100%
1,851 milUSANew York
98%
1,985 milUSATexas
98%
1,223 milUSAFlorida
97%
745 milUSAOhio
92%
690 milUSAGeorgia
90%
660 milUSANorth Carolina
90%
844 milUSAPennsylvania
89%
956 milUSAIllinois
87%
688 milUSANew Jersey
87%
895 milSouth KoreaSeoul
87%
673 milUSAWashington
87%
828 milJapanTokyo
86%
398 milUSAArizona
84%
610 milGermanyBavaria
84%
634 milChinaBeijing
84%
460 milAustraliaNew South Wales
84%
677 milCanadaOntario
84%
567 milUSAMichigan
83%
598 milUSAVirginia
83%
426 milUSAColorado
81%
680 milChinaShanghai
79%
580 milUKLondon
78%
410 mil-Hong Kong
76%
417 milUSAMinnesota
76%
849 milFranceîle-de-France
75%
737 milGermanyNorth Rhine-Westphalia
75%
443 milItalyLombardy
73%
452 milUSAMaryland
71%
622 milBrazilSão Paulo
71%
1,957 milChinaGuangdong
70%
423 milUSAIndiana
67%
421 milUSATennessee
62%
511 milGermanyBaden-Württemberg
59%
439 milChinaChongqing
51%
839 milChinaSichuan
51%
638 milChinaHebei
46%
787 milChinaHubei
46%
1,308 milChinaShandong
44%
420 milIndiaMaharashtra
43%
479 milChinaShaanxi
43%
768 milChinaFujian
40%
725 milChinaHunan
40%
927 milChinaHenan
38%
1,815 milChinaJiangsu
37%
434 milChinaLiaoning
35%
676 milChinaAnhui
29%
429 milChinaYunnan
29%
466 milChinaJiangxi
25%
1,157 milChinaZheijang
0%

Score Distribution

Percentile by Number Answered

Percent of People with Each Score

Your Score History

You have not taken this quiz